000 00627nam a2200193Ia 4500
003 OSt
005 20250818154627.0
008 210210b1968 xxu||||| |||| 00| 0 eng d
040 _cAL
041 _aKannada
082 _aK894.7 RASI
100 _aRA SHI.
_9198231
_dರಾ ಶಿ
245 _aIndanondu kaladalli navya adugulajjiya divya kategalu.
_bಇಂದನೊಂದು ಕಾಲದಲ್ಲಿ ನವ್ಯ ಅಡುಗೂಲಜ್ಜಿಯ ದಿವ್ಯ ಕಥೆಗಳು
260 _aBengaluru
_bVideha
_c1968
300 _aviii,158
690 _aKannada Humour
_9198232
906 _a028019
942 _2ddc
_cBK
999 _c79282
_d79282